[Event "Gatineau op U1800"]
[Site "Gatineau"]
[Date "2014.03.??"]
[Round "4"]
[White "Carlos, Antonio Leon"]
[Black "Kearnan, Dan"]
[Result "0-1"]
[WhiteElo "1723"]
[BlackElo "1715"]
[PlyCount "96"]
[EventDate "2014.02.??"]
[EventType "swiss"]
[EventRounds "5"]
[EventCountry "CAN"]
[SourceTitle "EXT 2022"]
[Source "ChessBase"]
[SourceDate "2021.10.06"]
[SourceVersion "1"]
[SourceVersionDate "2021.10.06"]
[SourceQuality "1"]

1. c4 g6 2. g3 Bg7 3. Bg2 c5 4. Nc3 Nc6 5. Nf3 d6 6. 0-0 e5 7. d3 Nge7 8. a3 Be6 9. Rb1 a5 10. Bd2 Qd7 11. Ng5 Bf5 12. e4 Bg4 13. f3 Be6 14. Nxe6 Qxe6 15. Nd5 Rc8 16. Qa4 0-0 17. Nb6 Rce8 18. Bxa5 Nxa5 19. Qxa5 Nc6 20. Qd2 f5 21. Nd5 Rf7 22. Bh3 Ref8 23. Rbe1 Qe8 24. exf5 gxf5 25. Qg5 Kh8 26. Kh1 Nd4 27. Qd2 Ne6 28. f4 Bh6 29. Qe2 Nd4 30. Qh5 Bg7 31. fxe5 Bxe5 32. Nf4 Re7 33. Qd1 Qf7 34. Nd5 Re6 35. Qd2 Qh5 36. Rxe5 Rxe5 37. Bg2 Re2 38. Qc3 Rfe8 39. Nf4 Qh6 40. Nxe2 Rxe2 41. Kg1 Qe3+ 42. Kh1 Kg8 43. Bd5+ Kf8 44. Rxf5+ Nxf5 45. Qf6+ Ke8 46. Bf7+ Kd7 47. Qxf5+ Kc7 48. Bd5 Qc1+ 0-1

[Event "Gatineau op U1800"]
[Site "Gatineau"]
[Date "2014.03.??"]
[Round "5"]
[White "Carlos, Antonio Leon"]
[Black "Piche, Guy"]
[Result "1-0"]
[WhiteElo "1723"]
[BlackElo "1707"]
[PlyCount "79"]
[EventDate "2014.02.??"]
[EventType "swiss"]
[EventRounds "5"]
[EventCountry "CAN"]
[SourceTitle "EXT 2022"]
[Source "ChessBase"]
[SourceDate "2021.10.06"]
[SourceVersion "1"]
[SourceVersionDate "2021.10.06"]
[SourceQuality "1"]

1. c4 Nf6 2. g3 e5 3. Bg2 Nc6 4. Nc3 Bc5 5. a3 a5 6. e3 d6 7. Nge2 Be6 8. d4 exd4 9. exd4 Ba7 10. d5 Ng4 11. 0-0 Qf6 12. Ne4 Qf5 13. Nf4 Nce5 14. dxe6 fxe6 15. Qa4+ Ke7 16. Ng5 Rhg8 17. Ngxe6 g5 18. Nxc7 gxf4 19. Nd5+ Kf7 20. Nxf4 Rgc8 21. Qb3 Bc5 22. Qxb7+ Ke8 23. Qe4 Qf7 24. Qd5 Qg7 25. Qe6+ Kd8 26. Qxd6+ Bxd6 27. Ne6+ Kd7 28. Nxg7 Rab8 29. Bh3 Rg8 30. Nf5 Bc5 31. Nh6 Rg6 32. Nxg4 Rxg4 33. Kg2 Kc6 34. Bxg4 Nxg4 35. h3 Ne5 36. Bf4 Bd4 37. Rab1 Rb3 38. Bxe5 Bxe5 39. f4 Bd6 40. Rf3 1-0